All Teams to Ever Play a FIFA Women's World Cup - Statistics

General Stats
  • This quiz has been taken 101 times
  • The average score is 31 of 36
Answer Stats
# Top Finish Team % Correct
2 Runners-up Netherlands
100%
8 Winner United States
100%
8 Runners-up Brazil
99%
7 4th Place Canada
99%
8 Winner Germany
99%
3 Quarters Italy
99%
8 Runners-up Sweden
99%
5 3rd Place England
98%
8 Winner Japan
98%
8 Winner Norway
98%
3 Group Stage Argentina
96%
2 Group Stage Spain
96%
7 Runners-up China
95%
3 Group Stage Mexico
95%
4 4th Place France
94%
2 Quarters Russia
93%
1 Group Stage Scotland
91%
3 Round of 16 South Korea
91%
2 Round of 16 Colombia
90%
7 Quarters Australia
89%
8 Quarters Nigeria
89%
1 Group Stage Chile
88%
1 Group Stage South Africa
88%
4 Quarters Denmark
86%
1 Round of 16 Switzerland
86%
5 Group Stage New Zealand
85%
2 Round of 16 Cameroon
83%
2 Group Stage Thailand
78%
3 Quarters North Korea
73%
3 Group Stage Ghana
65%
1 Group Stage Ivory Coast
64%
1 Group Stage Jamaica
62%
1 Group Stage Ecuador
59%
1 Group Stage Costa Rica
57%
1 Quarters Chinese Taipei / Taiwan
51%
1 Group Stage Equatorial Guinea
22%
No matching quizzes found
Score Distribution
Percent of People with Each Score
Percentile by Number Answered
Your Score History
You have not taken this quiz